书目信息 |
| 题名: |
建筑与风景写生
|
|
| 作者: | 田筱源 , 唐映梅 , 王弥 主编 | |
| 分册: | ||
| 出版信息: | 合肥 合肥工业大学出版社 2024.08 |
|
| 页数: | 162页 | |
| 开本: | 29cm | |
| 丛书名: | 高等院校“十四五”应用型艺术设计教育系列规划教材 | |
| 单 册: | ||
| 中图分类: | TU204.11 | |
| 科图分类: | ||
| 主题词: | 建筑画--jian zhu hua--风景画--写生画--绘画技法 | |
| 电子资源: | ||
| ISBN: | 978-7-5650-6798-3 | |
| 000 | 01475nam 2200289 450 | |
| 001 | 93735 | |
| 005 | 20250819150610.70 | |
| 010 | @a978-7-5650-6798-3@dCNY58.00 | |
| 100 | @a20241011d2024 em y0chiy50 ea | |
| 101 | 0 | @achi |
| 102 | @aCN@b340000 | |
| 105 | @aa a 000yy | |
| 106 | @ar | |
| 200 | 1 | @a建筑与风景写生@Ajian zhu yu feng jing xie sheng@f主编田筱源, 唐映梅, 王弥 |
| 210 | @a合肥@c合肥工业大学出版社@d2024.08 | |
| 215 | @a162页@c彩图@d29cm | |
| 225 | 2 | @a高等院校“十四五”应用型艺术设计教育系列规划教材@Agao deng yuan xiao “ shi si wu ” ying yong xing yi shu she ji jiao yu xi lie gui hua jiao cai |
| 320 | @a有书目 (第162页) | |
| 330 | @a本书强调对学生审美能力的培养, 选取不同建筑与风景题材的多种风格作品进行讲解, 通过建筑与风景写生概论介绍, 带领学生掌握写生的基本作画步骤和写生方法, 有效地引导学生掌握绘画写生的技能, 从而有效运用到绘画创作实践领域。本书共分为六章: 建筑与风景写生概论、建筑与风景写生作画步骤、建筑局部与自然风景写生、城市建筑写生、民居建筑写生、建筑风景写生大师作品欣赏。本书需要通过实践环节, 使学生在实践中提升绘画动手能力和审美, 从建筑之美、自然之美中提升艺术的核心素养。 | |
| 410 | 0 | @12001 @a高等院校“十四五”应用型艺术设计教育系列规划教材 |
| 606 | 0 | @a建筑画@Ajian zhu hua@x风景画@x写生画@x绘画技法 |
| 690 | @aTU204.11@v5 | |
| 701 | 0 | @a田筱源@Atian xiao yuan@4主编 |
| 701 | 0 | @a唐映梅@Atang ying mei@4主编 |
| 701 | 0 | @a王弥@Awang mi@4主编 |
| 801 | 0 | @aCN@c20250909 |
| 905 | @a河南城建学院图书馆@dTU204.11@eT670@f1 | |
| 建筑与风景写生/主编田筱源, 唐映梅, 王弥.-合肥:合肥工业大学出版社,2024.08 |
| 162页:彩图;29cm.-(高等院校“十四五”应用型艺术设计教育系列规划教材) |
| ISBN 978-7-5650-6798-3:CNY58.00 |
| 本书强调对学生审美能力的培养, 选取不同建筑与风景题材的多种风格作品进行讲解, 通过建筑与风景写生概论介绍, 带领学生掌握写生的基本作画步骤和写生方法, 有效地引导学生掌握绘画写生的技能, 从而有效运用到绘画创作实践领域。本书共分为六章: 建筑与风景写生概论、建筑与风景写生作画步骤、建筑局部与自然风景写生、城市建筑写生、民居建筑写生、建筑风景写生大师作品欣赏。本书需要通过实践环节, 使学生在实践中提升绘画动手能力和审美, 从建筑之美、自然之美中提升艺术的核心素养。 |
| ● |
| 相关链接 |
|
|
|
正题名:建筑与风景写生
索取号:TU204.11/T670
 
预约/预借
| 序号 | 登录号 | 条形码 | 馆藏地/架位号 | 状态 | 备注 |
| 1 | 1627692 | 216276928 | 建筑库101/101建筑库 111排3列1层/ [索取号:TU204.11/T670] | 在馆 |